Colour Atlas of Oral Cancer (Record no. 24698)

MARC details
000 -LEADER
fixed length control field 00337nam a22001457a 4500
003 - CONTROL NUMBER IDENTIFIER
control field SGT
020 ## - INTERNATIONAL STANDARD BOOK NUMBER
International Standard Book Number 9789331524410
082 ## - DEWEY DECIMAL CLASSIFICATION NUMBER
Classification number 616.04707
Item number C16M
100 ## - MAIN ENTRY--PERSONAL NAME
Personal name Masthan, KMK
245 ## - TITLE STATEMENT
Title Colour Atlas of Oral Cancer
260 ## - PUBLICATION, DISTRIBUTION, ETC. (IMPRINT)
Place of publication, distribution, etc New Delhi, India
Name of publisher, distributor, etc Jaypee Brothers
Year of Publication 2016
300 ## - PAGE DESCRIPTION
No. of Pages 145
650 ## - SUBJECT ADDED ENTRY--TOPICAL TERM
Topical term or geographic name as entry element Oral Cancer
942 ## - ADDED ENTRY ELEMENTS (KOHA)
Source of classification or shelving scheme Dewey Decimal Classification
Koha item type Books
942 ## - ADDED ENTRY ELEMENTS (KOHA)
-- 1
Holdings
Withdrawn status Lost status Source of classification or shelving scheme Damaged status Not for loan Home library Current library Shelving location Date acquired Vendor Name SGTU Bill Number Total Checkouts Full call number Accession No. (Barcode) Date last seen Date last borrowed Bill Date Koha item type
    Dewey Decimal Classification     SGT Dental Library SGT Dental Library Reference Book 03/08/2023 Ahuja Book Co. Pvt. Ltd. SGTU 16974 1 616.04707 C16M FD9032 16/01/2025 14/01/2025 28/06/2023 Books